<?xml version="1.0" encoding="UTF-8"?>
<record
    xmlns:xsi="http://www.w3.org/2001/XMLSchema-instance"
    xsi:schemaLocation="http://www.loc.gov/MARC21/slim http://www.loc.gov/standards/marcxml/schema/MARC21slim.xsd"
    xmlns="http://www.loc.gov/MARC21/slim">

  <leader>01319nam a2200253 i 4500</leader>
  <controlfield tag="001">20920</controlfield>
  <controlfield tag="003">ES-MaACL</controlfield>
  <controlfield tag="005">20260131175833.0</controlfield>
  <controlfield tag="007">t|</controlfield>
  <controlfield tag="008">021119m18361838fr           ||||1| fre d</controlfield>
  <datafield tag="100" ind1="1" ind2=" ">
    <subfield code="a">Choron, Alexandre, </subfield>
    <subfield code="d">1771-1834</subfield>
    <subfield code="9">38622</subfield>
  </datafield>
  <datafield tag="245" ind1="1" ind2="0">
    <subfield code="a">Manuel complet de musique vocale et instrumentale ou encyclop&#xE9;die musicale / </subfield>
    <subfield code="c">par A.-&#xC9;. Choron et J. Adrien de Lafage.</subfield>
  </datafield>
  <datafield tag="260" ind1=" " ind2=" ">
    <subfield code="a">Paris : </subfield>
    <subfield code="b">Librairie Encyclop&#xE9;dique de Roret, </subfield>
    <subfield code="c">1836-1838.</subfield>
  </datafield>
  <datafield tag="300" ind1=" " ind2=" ">
    <subfield code="a">6 v. ; </subfield>
    <subfield code="c">15 cm.</subfield>
  </datafield>
  <datafield tag="490" ind1="1" ind2=" ">
    <subfield code="a">Manuels-Roret ; </subfield>
    <subfield code="v">267-272</subfield>
  </datafield>
  <datafield tag="505" ind1="8" ind2=" ">
    <subfield code="a">Contiene: 1. Connaissances &#xE9;l&#xE9;mentaires; notation et ex&#xE9;cution -- 2. Composition: t. 1. M&#xE9;lodie, harmonie et accompagnement ; t. 2. Contre-point, imitation, canon et fugue ; t. 3. Instrumentations, union de la musique avec la parole, genres -- 3. Compl&#xE9;ment: t. 1. Acoustique, institutions musicales ; t. 2. Histoire de la musique, bibliographie musicale, table g&#xE9;n&#xE9;rale des mati&#xE8;res</subfield>
  </datafield>
  <datafield tag="530" ind1=" " ind2=" ">
    <subfield code="a">Disponible en formato digital.</subfield>
  </datafield>
  <datafield tag="650" ind1=" " ind2="4">
    <subfield code="a">M&#xFA;sica-</subfield>
    <subfield code="v">Enciclopedias.</subfield>
    <subfield code="9">154079</subfield>
  </datafield>
  <datafield tag="700" ind1="1" ind2=" ">
    <subfield code="a">La Fage, Adrien de, </subfield>
    <subfield code="d">1805-1862</subfield>
    <subfield code="9">69460</subfield>
  </datafield>
  <datafield tag="830" ind1="1" ind2=" ">
    <subfield code="a">Manuels-Roret ; </subfield>
    <subfield code="v">267-272</subfield>
    <subfield code="9">182241</subfield>
  </datafield>
  <datafield tag="852" ind1="4" ind2=" ">
    <subfield code="a">ES-MaACL</subfield>
    <subfield code="j">F-2192-97</subfield>
  </datafield>
  <datafield tag="856" ind1="4" ind2=" ">
    <subfield code="u">http://bdh-rd.bne.es/viewer.vm?id=0000169194&amp;page=1 </subfield>
    <subfield code="z">Biblioteca Digital Hisp&#xE1;nica</subfield>
  </datafield>
  <datafield tag="999" ind1=" " ind2=" ">
    <subfield code="c">20920</subfield>
    <subfield code="d">20920</subfield>
  </datafield>
  <datafield tag="952" ind1=" " ind2=" ">
    <subfield code="0">0</subfield>
    <subfield code="1">0</subfield>
    <subfield code="4">0</subfield>
    <subfield code="7">0</subfield>
    <subfield code="8">Colecci&#xF3;n_digital</subfield>
    <subfield code="a">ATENEOM</subfield>
    <subfield code="b">ATENEOM</subfield>
    <subfield code="c">DEPO2</subfield>
    <subfield code="d">2008-01-17</subfield>
    <subfield code="e">SC</subfield>
    <subfield code="l">0</subfield>
    <subfield code="o">F-2192-97</subfield>
    <subfield code="p">1021484</subfield>
    <subfield code="r">2023-02-23 00:00:00</subfield>
    <subfield code="w">2023-02-23</subfield>
    <subfield code="y">MONANT</subfield>
  </datafield>
</record>
